[Event "NOR-ch U20"]
[Site "Bergen"]
[Date "2005.09.09"]
[Round "1"]
[White "Valla, Martin"]
[Black "Smelvaer, Margrethe"]
[Result "1-0"]
[WhiteElo "1817"]
[BlackElo "728"]
[PlyCount "87"]
[EventDate "2005.09.09"]
[EventType "swiss"]
[EventRounds "6"]
[EventCountry "NOR"]
[SourceTitle "EXT 2006"]
[Source "ChessBase"]
[SourceDate "2005.11.24"]
[SourceVersion "1"]
[SourceVersionDate "2005.11.24"]
[SourceQuality "1"]

1. d4 d5 2. c4 Nf6 3. cxd5 Nxd5 4. e4 Nb6 5. Nc3 e6 6. Nf3 Be7 7. Be2 0-0 8. 0-0 Nc6 9. a3 a6 10. b4 Bd7 11. Be3 Na7 12. Qb3 Bc6 13. a4 Bf6 14. Rfd1 Qd7 15. b5 axb5 16. axb5 Nxb5 17. Bxb5 Rfe8 18. h3 Rxa1 19. Rxa1 e5 20. dxe5 Bxe5 21. Nxe5 Rxe5 22. Bxc6 Qxc6 23. Bxb6 cxb6 24. Qxb6 Qc8 25. Qc7 Re8 26. Qxc8 Rxc8 27. Nd5 Kf8 28. Rb1 Rb8 29. Rb6 Ke8 30. Nc7+ Kd7 31. Na6 Kc8 32. Nxb8 Kxb8 33. f4 Kc7 34. Rb1 h6 35. Kf2 g6 36. Ke3 f6 37. Kd4 Kc6 38. e5 fxe5+ 39. Kxe5 Kd7 40. Kd5 b5 41. Rxb5 g5 42. Rb7+ Kd8 43. Kd6 h5 44. Rb8# 1-0

[Event "NOR-ch U18"]
[Site "Karmoy"]
[Date "2003.09.26"]
[Round "1"]
[White "Kloster, Ole Jonny"]
[Black "Smelvaer, Margrethe"]
[Result "1-0"]
[WhiteElo "1586"]
[BlackElo "582"]
[PlyCount "97"]
[EventDate "2003.09.??"]
[EventType "swiss"]
[EventRounds "7"]
[EventCountry "NOR"]
[SourceTitle "EXT 2005"]
[Source "ChessBase"]
[SourceDate "2004.11.15"]
[SourceVersion "1"]
[SourceVersionDate "2004.11.15"]
[SourceQuality "1"]

1. d4 d5 2. e3 e6 3. Bd3 Nf6 4. Nd2 Bb4 5. c3 Bd6 6. f4 Nc6 7. Ngf3 a6 8. 0-0 Ng4 9. Qe2 0-0 10. Bxh7+ Kxh7 11. Ng5+ Kg8 12. Qxg4 f6 13. Nh3 e5 14. Qh5 Bxh3 15. Qxh3 exd4 16. cxd4 Qe7 17. a3 b5 18. Rf3 Kf7 19. Qh5+ g6 20. Qh7+ Ke8 21. Qxg6+ Kd7 22. Qf5+ Qe6 23. Qxe6+ Kxe6 24. Rh3 Rg8 25. b3 Rg7 26. Rg3 Rh7 27. Bb2 Rah8 28. h3 Ne7 29. a4 b4 30. Re1 f5 31. Nf3 Kf6 32. Ne5 c5 33. dxc5 Bxe5 34. Bxe5+ Ke6 35. Bxh8 Rxh8 36. Rc1 Rc8 37. Rg5 a5 38. Rh5 Rc6 39. Rh6+ Kd7 40. Rxc6 Kxc6 41. g4 fxg4 42. hxg4 Ng6 43. Kg2 Nh4+ 44. Kg3 Ng6 45. g5 Ne7 46. Kg4 Kd7 47. c6+ Nxc6 48. Rxc6 Kxc6 49. g6 1-0